[Event "Amposta Balague Memorial 3rd"]
[Site "Amposta"]
[Date "2016.08.06"]
[Round "8"]
[White "Pamies Martinez, Lluis"]
[Black "Haynes, Malachi"]
[Result "1-0"]
[WhiteElo "1920"]
[BlackElo "1785"]
[PlyCount "47"]
[EventDate "2016.08.01"]
[EventType "swiss"]
[EventRounds "9"]
[EventCountry "ESP"]
[SourceTitle "CBM 173 Extra"]
[Source "ChessBase"]
[SourceDate "2016.08.29"]
[SourceVersion "1"]
[SourceVersionDate "2016.08.29"]
[SourceQuality "1"]

1. c4 e5 2. Nc3 Nf6 3. Nf3 Nc6 4. g3 Bb4 5. Bg2 0-0 6. 0-0 Re8 7. d3 Bxc3 8. bxc3 e4 9. Nd4 d5 10. cxd5 Nxd4 11. cxd4 exd3 12. Qxd3 Nxd5 13. e4 Nb4 14. Qc3 Nc6 15. d5 Ne5 16. f4 Nd7 17. Bb2 f6 18. Rac1 c6 19. Rfd1 Qb6+ 20. Kh1 cxd5 21. Rxd5 Nf8 22. e5 fxe5 23. Rxe5 Rxe5 24. Bd5+ 1-0

[Event "Amposta Balague Memorial 3rd"]
[Site "Amposta"]
[Date "2016.08.04"]
[Round "5"]
[White "Haynes, Malachi"]
[Black "Peris Baxauli, Benjamin"]
[Result "1/2-1/2"]
[WhiteElo "1785"]
[BlackElo "1917"]
[PlyCount "65"]
[EventDate "2016.08.01"]
[EventType "swiss"]
[EventRounds "9"]
[EventCountry "ESP"]
[SourceTitle "CBM 173 Extra"]
[Source "ChessBase"]
[SourceDate "2016.08.29"]
[SourceVersion "1"]
[SourceVersionDate "2016.08.29"]
[SourceQuality "1"]

1. e4 c5 2. Nf3 Nc6 3. d4 cxd4 4. Nxd4 Nf6 5. Nc3 a6 6. Be3 d6 7. f3 e6 8. Qd2 Qc7 9. 0-0-0 Ne5 10. g4 b5 11. g5 Nh5 12. f4 Nc4 13. Bxc4 Qxc4 14. Qe2 Qxe2 15. Ndxe2 Bb7 16. a3 f5 17. Rhf1 fxe4 18. Nd4 Kd7 19. f5 e5 20. Ne6 Ke7 21. Bb6 Rc8 22. Nd5+ Bxd5 23. Rxd5 Kd7 24. Rfd1 Be7 25. Bc5 Nf4 26. Nxf4 exf4 27. Bxd6 Bxd6 28. Rxd6+ Kc7 29. Rd7+ Kb6 30. Rxg7 Rhe8 31. Rd6+ Rc6 32. Rdd7 f3 33. b4 1/2-1/2

[Event "Amposta Balague Memorial 3rd"]
[Site "Amposta"]
[Date "2016.08.03"]
[Round "4"]
[White "Ano Tafalla, Santiago"]
[Black "Haynes, Malachi"]
[Result "1-0"]
[WhiteElo "2101"]
[BlackElo "1785"]
[PlyCount "73"]
[EventDate "2016.08.01"]
[EventType "swiss"]
[EventRounds "9"]
[EventCountry "ESP"]
[SourceTitle "CBM 173 Extra"]
[Source "ChessBase"]
[SourceDate "2016.08.29"]
[SourceVersion "1"]
[SourceVersionDate "2016.08.29"]
[SourceQuality "1"]

1. b3 e5 2. Bb2 Nc6 3. e3 d6 4. g3 Nf6 5. Bg2 Be6 6. d3 Be7 7. Ne2 Qd7 8. h4 Ng4 9. d4 d5 10. dxe5 Ncxe5 11. Nd4 Bf6 12. Nc3 0-0-0 13. Qd2 Rhe8 14. 0-0-0 c6 15. f3 Nh6 16. g4 Be7 17. Nce2 Qc7 18. Nxe6 fxe6 19. Qd4 Nhf7 20. Qxa7 Kd7 21. Qd4 Bf6 22. Qd2 Ra8 23. g5 Be7 24. Kb1 Ba3 25. Qc1 Bf8 26. Qd2 Ra6 27. Nc1 Rea8 28. f4 Ba3 29. fxe5 Bxb2 30. Kxb2 Nxe5 31. Qd4 Qd6 32. Kb1 b5 33. Rhf1 c5 34. Qb2 Nc4 35. bxc4 bxc4 36. Qb7+ Kd8 37. Qxg7 1-0

[Event "Tarragona Province-ch"]
[Site "Hospitalet de l'Infant"]
[Date "2013.10.06"]
[Round "1"]
[White "Haynes, Malachi"]
[Black "Guasch Figuerola, Agusti"]
[Result "0-1"]
[WhiteElo "1786"]
[BlackElo "2072"]
[PlyCount "53"]
[EventDate "2013.10.06"]
[EventType "swiss"]
[EventRounds "9"]
[EventCountry "ESP"]
[SourceTitle "EXT 2017"]
[Source "ChessBase"]
[SourceDate "2016.10.25"]
[SourceVersion "1"]
[SourceVersionDate "2016.10.25"]
[SourceQuality "1"]

1. e4 c5 2. Nf3 b6 3. d4 cxd4 4. Nxd4 Bb7 5. Nc3 a6 6. Be3 g6 7. Qd2 Bg7 8. 0-0-0 d6 9. f4 Nd7 10. Qf2 Ngf6 11. e5 dxe5 12. fxe5 Ng4 13. Qd2 Ngxe5 14. Bh6 Bxh6 15. Qxh6 Qc7 16. Qh4 Nf6 17. Nf3 Nxf3 18. gxf3 Bxf3 19. Bh3 Bxh1 20. Rxh1 0-0 21. Rd1 Qxh2 22. Rd2 Qg1+ 23. Rd1 Qe3+ 24. Kb1 Rfd8 25. Re1 Rd4 26. Rxe3 Rxh4 27. Bg2 0-1